| 000 | 01024cab a2200193 4500 | ||
|---|---|---|---|
| 001 | ABS40251 | ||
| 008 | 090401t1988 xxu||||| |||| 00| 0 eng d | ||
| 035 | _a(Sirsi) u22531 | ||
| 041 | _aeng | ||
| 100 | _aMalone, M. | ||
| 245 | _aServing notices during a postal dispute | ||
| 260 | _c1988 | ||
| 350 | _a0 | ||
| 490 |
_aLaw Society`s Gazette _v85(43) 23 November 1988, 19-23(3) |
||
| 520 | _aDiscusses the legal issues raised in relation to the service of notices by or on behalf of landlords and tenants of business premises during a postal dispute . Examines the implications if there is a total stoppage, delays in delivery and establishing the date of service of a notice. Concludes that although legislation relating to the service of notices is often confusing, most practitioners agree that correctly addressed notices sent by registered/recorded post are deemed to be served on the day following the date of posting. | ||
| 690 | _aLANDLORD AND TENANT-BUSINESS TENANCIES | ||
| 942 | _n0 | ||
| 948 | _c04/03/1997 | ||
| 999 |
_c15099 _d15099 |
||